01013nam a2200217Ia 4500003000400000005001700004008004000021040000700061041001200068082001600080100008300096245026000179260006100439300001100500650002400511690003400535906001100569942001200580999001900592952018400611OSt20250714125352.0210210b2003 xxu||||| |||| 00| 0 eng d cAL aKannada aK894.8 SAMA aSAMAGRA DASA SAHITYA.9151059dಸಮಗ್ರ ದಾಸ ಸಾಹಿತ್ಯ aSamagra dasa sahitya: samputa; 11, bhaga 2, Kakhandaki krashnadasara kirtanegalu.bಸಮಗ್ರ ದಾಸ ಸಾಹಿತ್ಯ : ಸಂಪುಟ ೧೧: ಭಾಗ ೨, ಕಾಖಂಡಕಿ ಕೃಷ್ಣದಾಸರ ಕೀರ್ತನೆಗಳು aBengalurubKannada mattu Samskrati Nirdeshanalalyac2003 a49,302 aDasasahitya9151060 aKannada Miscellaneous9151061 a059382 2ddccBK c106560d106560 00102ddc40708KANaALbALcKannada Literatured2021-02-17eKannada mattu samskrati nirdeshanalaya, Bengalurug60.00l0oK894.8 SAMAp059382r2021-02-17 00:00:00w2021-02-17yBK